The structure of the Nigerian economy (1960-1997) (Record no. 36347)

MARC details
000 -LEADER
fixed length control field 00445nam a2200169Ia 4500
020 ## - INTERNATIONAL STANDARD BOOK NUMBER
ISBN 978-2784-11-6
050 ## - CALL MARK
Classification number HC 1055 .S777/
100 ## - STATEMENT OF RESPONSIBILITY--MAIN AUTHOR NAME
Personal name Anyanwu, J. C… [et all]
245 #4 - TITLE STATEMENT
Title The structure of the Nigerian economy (1960-1997)
260 ## - PUBLICATION, DISTRIBUTION, ETC. (IMPRINT)
Place of publication Onitsha
260 ## - PUBLICATION, DISTRIBUTION, ETC. (IMPRINT)
Name of publisher Joanee Educatonal Publication Ltd.
260 ## - PUBLICATION, DISTRIBUTION, ETC. (IMPRINT)
Year of publication 1997
300 ## - PHYSICAL DESCRIPTION
Number of Pages 661 p
942 ## - ADDED ENTRY ELEMENTS (KOHA)
Koha item type Books
Holdings
Withdrawn status Lost status Source of classification or shelving scheme Damaged status Not for loan Permanent Location Current Location Shelving location Date acquired Accession Number Price effective from Koha item type
    Library of Congress Classification     NILE UNIVERSITY OF NIGERIA - MAIN LIBRARY NILE UNIVERSITY OF NIGERIA - MAIN LIBRARY Items on shelf 04/23/2025 0000915 04/23/2025 Books